000
00315nam a2200121Ia 4500
008
190216s9999||||xx |||||||||||||| ||und||
100
_a
Manicavachagom Pillay And Natarajan
245
2
_a
A Text Book Of Analytical Geometry
260
_b
Viswanathan S.
_c
1987
300
_a
199
650
_a
Mathematics
942
_c
BK
999
_c
32081
_d
32081